Capitals Without the Letters of “Helsinki” - Statistics

General Stats
  • This quiz has been taken 13 times
  • The average score is 4 of 11
Answer Stats
Continents Capitals % Correct
Africa Abuja
50%
North America Ottawa
50%
Africa Accra
42%
South America Bogota
42%
Africa Juba
42%
Africa Rabat
42%
Africa Dodoma
33%
Oceania Majuro
33%
Africa Maputo
33%
Africa Ouagadougou
25%
Europe Vaduz
25%
No matching quizzes found
Score Distribution
Percent of People with Each Score
Percentile by Number Answered
Your Score History
You have not taken this quiz